000 00677nam a22002417a 4500
003 UA-OsUOA
001 74532
007 ta
008 20110411b un ||||| |||| 00| 0 ukr d
100 _aКриштальський А.А.
090 _a821.161.2-1
_bК82
942 _cBK
040 _aUA-OsUOA
_bukr
_cUA-OsUOA
_dUA-OsUOA
245 _aПолум'я перегорілих зір
_bпоезії
300 _a108 с.
955 _a3
041 _aukr
080 _a821.161.2-1
020 _a5-7707-2755-1
260 _aЛуцьк
_bНадстир'я
_c1993
650 7 _a82 Література. Літературознавство
_2UDC
999 _c360825
_d360825